[Event "Amber-blindfold 06th"]
[Site "Monte Carlo"]
[Date "1997.??.??"]
[Round "7"]
[White "Van Wely, Loek"]
[Black "Topalov, Veselin"]
[Result "1-0"]
[WhiteElo "2645"]
[BlackElo "2725"]
[PlyCount "77"]
[EventDate "1997.04.18"]
[EventType "tourn (rapid)"]
[EventRounds "11"]
[EventCountry "MNC"]
[EventCategory "18"]
[SourceTitle "CBM 057 Extra"]
[Source "ChessBase"]
[SourceDate "1997.05.01"]
[SourceVersion "1"]
[SourceVersionDate "1997.05.01"]
[SourceQuality "1"]

1. d4 g6 2. c4 Bg7 3. Nc3 d6 4. Nf3 e5 5. dxe5 dxe5 6. Qxd8+ Kxd8 7. Bd2 Be6 8.
O-O-O Nd7 9. e4 f6 10. h3 Bh6 11. Be2 c6 12. a3 Ke7 13. b4 a5 14. Kb2 Nb6 15.
c5 Bxd2 16. Nxd2 axb4 17. axb4 Na4+ 18. Nxa4 Rxa4 19. Ra1 Rxb4+ 20. Kc3 Rd4 21.
Rhb1 Rd7 22. Ra8 Kf7 23. Bc4 Bxc4 24. Nxc4 Kg7 25. Nd6 Ne7 26. Ne8+ Kf7 27.
Nxf6 Rd3+ 28. Kxd3 Rxa8 29. Nxh7 Ra2 30. Ke3 Ra3+ 31. Ke2 Ra2+ 32. Kf3 Rc2 33.
Rxb7 Rxc5 34. Ng5+ Kf6 35. h4 Rc3+ 36. Kg4 Rc2 37. f4 exf4 38. e5+ Kxe5 39.
Rxe7+ 1-0

[Event "Amber-rapid 06th"]
[Site "Monte Carlo"]
[Date "1997.??.??"]
[Round "1"]
[White "Karpov, Anatoly"]
[Black "Topalov, Veselin"]
[Result "1/2-1/2"]
[WhiteElo "2760"]
[BlackElo "2725"]
[PlyCount "95"]
[EventDate "1997.04.18"]
[EventType "tourn (rapid)"]
[EventRounds "11"]
[EventCountry "MNC"]
[EventCategory "18"]
[SourceTitle "CBM 057 Extra"]
[Source "ChessBase"]
[SourceDate "1997.05.01"]
[SourceVersion "1"]
[SourceVersionDate "1997.05.01"]
[SourceQuality "1"]

1. Nf3 Nf6 2. c4 g6 3. g3 c5 4. Bg2 Bg7 5. O-O Nc6 6. d4 cxd4 7. Nxd4 O-O 8.
Nc3 d6 9. Nxc6 bxc6 10. Bxc6 Rb8 11. Qa4 Bb7 12. Bxb7 Rxb7 13. Rb1 Qc8 14. Bd2
Qh3 15. f3 Nh5 16. Rf2 Qe6 17. Kg2 Rc8 18. b3 Bd4 19. e3 Bxc3 20. Bxc3 Qxe3 21.
Qa5 Ng7 22. Re1 Qc5 23. Rd2 Qxa5 24. Bxa5 f6 25. Rd5 Kf7 26. Bd2 a6 27. Ra5 Rc6
28. Be3 Ne6 29. Rd1 Rbc7 30. h4 Nd8 31. g4 Nb7 32. Rad5 Rc8 33. h5 e6 34. R5d2
g5 35. f4 gxf4 36. Bxf4 e5 37. Be3 Rg8 38. Kh3 Ke6 39. Rf1 Nc5 40. Re2 Rc7 41.
Rf3 Ne4 42. Rf1 d5 43. Bh6 Nc3 44. Ref2 Ne4 45. Re2 Nc3 46. Ref2 Ne4 47. Re2
Nc3 48. Ref2 1/2-1/2

[Event "Amber-rapid 06th"]
[Site "Monte Carlo"]
[Date "1997.??.??"]
[Round "2"]
[White "Topalov, Veselin"]
[Black "Ljubojevic, Ljubomir"]
[Result "1-0"]
[WhiteElo "2725"]
[BlackElo "2570"]
[PlyCount "107"]
[EventDate "1997.04.18"]
[EventType "tourn (rapid)"]
[EventRounds "11"]
[EventCountry "MNC"]
[EventCategory "18"]
[SourceTitle "CBM 057 Extra"]
[Source "ChessBase"]
[SourceDate "1997.05.01"]
[SourceVersion "1"]
[SourceVersionDate "1997.05.01"]
[SourceQuality "1"]

1. d4 Nf6 2. c4 e6 3. Nf3 b6 4. g3 Ba6 5. b3 Bb4+ 6. Bd2 Be7 7. Bg2 c6 8. Bc3
d5 9. Ne5 Nfd7 10. Nxd7 Nxd7 11. Nd2 O-O 12. O-O b5 13. c5 e5 14. dxe5 Nxc5 15.
a3 Bb7 16. Bb2 a5 17. Rc1 Rc8 18. f4 f5 19. exf6 Bxf6 20. Bxf6 Qxf6 21. Kh1 Qe7
22. Re1 Rcd8 23. Qc2 Nd7 24. e4 Qxa3 25. e5 Qe7 26. Nf3 g6 27. Nd4 Rc8 28. Qd2
Qb4 29. Qxb4 axb4 30. Nxc6 Kg7 31. Nd4 Rxc1 32. Rxc1 Rc8 33. Rxc8 Bxc8 34. Bxd5
Nc5 35. Nxb5 g5 36. Kg2 Kg6 37. Kf3 h5 38. Nd4 Bg4+ 39. Ke3 h4 40. Nc6 Bd1 41.
Nxb4 hxg3 42. hxg3 gxf4+ 43. gxf4 Bxb3 44. Kd4 Ne6+ 45. Bxe6 Bxe6 46. Nc2 Kf5
47. Ke3 Bc8 48. Nd4+ Kg6 49. Kd3 Ba6+ 50. Kc3 Kh5 51. Kb4 Kg4 52. f5 Kg5 53.
Kc5 Bc8 54. Kd5 1-0

[Event "Amber-rapid 06th"]
[Site "Monte Carlo"]
[Date "1997.??.??"]
[Round "10"]
[White "Shirov, Alexei"]
[Black "Topalov, Veselin"]
[Result "1/2-1/2"]
[WhiteElo "2690"]
[BlackElo "2725"]
[PlyCount "153"]
[EventDate "1997.04.18"]
[EventType "tourn (rapid)"]
[EventRounds "11"]
[EventCountry "MNC"]
[EventCategory "18"]
[SourceTitle "CBM 057 Extra"]
[Source "ChessBase"]
[SourceDate "1997.05.01"]
[SourceVersion "1"]
[SourceVersionDate "1997.05.01"]
[SourceQuality "1"]

1. e4 e6 2. d4 d5 3. Nc3 dxe4 4. Nxe4 Nd7 5. Nf3 Ngf6 6. Nxf6+ Nxf6 7. Bg5 c5
8. Bc4 Qa5+ 9. c3 Be7 10. O-O O-O 11. Re1 Rd8 12. Re5 Qb6 13. Qe2 cxd4 14. Nxd4
h6 15. Bh4 Nd5 16. Bxe7 Nxe7 17. Re1 Bd7 18. Bd3 Nc6 19. Nxc6 Bxc6 20. Bb1 Rd6
21. Qc2 Kf8 22. Qh7 Rd2 23. Rf5 Be4 24. Rxf7+ Kxf7 25. Qxe4 Qxf2+ 26. Kh1 Kf8
27. Qb4+ Kg8 28. Qe4 Rad8 29. Qxe6+ Qf7 30. Bh7+ Kf8 31. Qe4 R8d6 32. h4 Rd1
33. Rxd1 Rxd1+ 34. Kh2 Qc7+ 35. g3 Rd2+ 36. Kh3 Qd7+ 37. Bf5 Qc6 38. Qf4 Qd6
39. Qf3 Qf6 40. Qf4 Rd6 41. h5 a5 42. Qe4 Rd8 43. g4 b6 44. a4 Kg8 45. Kg3 Kh8
46. Kf3 Qh4 47. Qe6 Qh3+ 48. Kf4 Qh2+ 49. Kf3 Qd6 50. Qxd6 Rxd6 51. Ke4 Rd2 52.
b4 Kg8 53. bxa5 bxa5 54. c4 Kf7 55. Ke5 Ke7 56. c5 Rd1 57. c6 Rc1 58. Kd5 Rc3
59. Bd7 Kd8 60. Ke6 Rc5 61. Kd6 Rc4 62. Be6 Rd4+ 63. Bd5 Rd1 64. c7+ Kc8 65.
Kc6 Rc1+ 66. Kb6 Rxc7 67. Be6+ Kb8 68. Kxa5 Rb7 69. Ka6 Rb2 70. Bf5 Kc7 71. a5
Kc6 72. Be4+ Kc5 73. Ka7 Ra2 74. a6 Kd6 75. Kb7 Rb2+ 76. Kc8 Ra2 77. Kb7
1/2-1/2

[Event "Madrid playoff 20'"]
[Site "Madrid"]
[Date "1997.??.??"]
[Round "1"]
[White "Shirov, Alexei"]
[Black "Topalov, Veselin"]
[Result "1/2-1/2"]
[WhiteElo "2690"]
[BlackElo "2725"]
[Annotator "Shirov,A"]
[PlyCount "73"]
[EventDate "1997.06.??"]
[EventType "match (rapid)"]
[EventRounds "2"]
[EventCountry "ESP"]
[SourceTitle "CBM 058 Extra"]
[Source "ChessBase"]
[SourceDate "1997.07.29"]
[SourceVersion "1"]
[SourceVersionDate "1997.07.29"]
[SourceQuality "1"]

1. e4 e5 2. Nf3 Nc6 3. Bb5 a6 4. Bxc6 dxc6 5. O-O Bg4 6. h3 h5 7. d3 Qf6 8.
Nbd2 Ne7 9. Re1 Ng6 10. d4 Nf4 11. dxe5 Qg6 12. Nh4 Bxd1 13. Nxg6 Nxg6 14. Rxd1
O-O-O 15. Re1 $146 (15. a3 Nxe5 16. b3 Rh6 17. Kf1 Bc5 18. Bb2 Rhd6 19. Ke2 Ng6
20. g3 Bxf2 21. Kxf2 Rxd2+ 22. Rxd2 Rxd2+ 23. Ke3 Rg2 24. Kf3 Rxc2 {Forchert,
M-Notkin,M/NRW-II 1996/GER 13/0-1 (57)}) 15... Nxe5 16. Nf3 Nxf3+ 17. gxf3 Bb4
18. c3 Bc5 19. Kf1 Rd3 20. Ke2 Rhd8 21. Rg1 g6 22. Bf4 b5 23. Rac1 Kb7 24. Rc2
a5 25. Rf1 $6 (25. c4 $1 b4 (25... Bb6 26. c5 Ba7 27. Be3 $16) (25... bxc4 26.
Rxc4 Bb6 27. Rgc1 $16) 26. Rg5 $1 Kb6 $1 (26... Bb6 27. c5 $16) (26... Bd6 $2
27. Be3) 27. Bxc7+ Kxc7 28. Rxc5 Kb6 29. Re5 $14) 25... a4 26. Rd2 Rxd2+ 27.
Bxd2 Be7 28. Be3 Bf6 29. Bc5 Bg5 30. Rd1 Rxd1 31. Kxd1 Kc8 32. b3 axb3 33. axb3
Kd7 34. Ke2 Ke6 35. Be3 Be7 36. c4 Bd6 37. Kd3 1/2-1/2

[Event "Madrid playoff 20'"]
[Site "Madrid"]
[Date "1997.??.??"]
[Round "2"]
[White "Topalov, Veselin"]
[Black "Shirov, Alexei"]
[Result "1/2-1/2"]
[WhiteElo "2725"]
[BlackElo "2690"]
[Annotator "Shirov,A"]
[PlyCount "66"]
[EventDate "1997.06.??"]
[EventType "match (rapid)"]
[EventRounds "2"]
[EventCountry "ESP"]
[SourceTitle "CBM 058 Extra"]
[Source "ChessBase"]
[SourceDate "1997.07.29"]
[SourceVersion "1"]
[SourceVersionDate "1997.07.29"]
[SourceQuality "1"]

1. e4 e5 2. Nf3 Nc6 3. Bb5 a6 4. Ba4 Nf6 5. O-O b5 6. Bb3 Bc5 7. a4 Rb8 8. c3
d6 9. d4 Bb6 10. axb5 axb5 11. h3 $146 (11. dxe5 Nxe5 12. Nxe5 dxe5 13. Qe2 O-O
14. Be3 Qe7 15. Bxb6 Rxb6 16. Nd2 c5 17. Rfd1 c4 18. Bc2 Qc5 19. h3 Be6 20. Ra5
h6 {Todorcevic,M-Giorgadze,G/Zaragoza op-A 1995/EXT 95op/0-1 (46)}) 11... O-O
12. Re1 Bb7 13. Na3 exd4 14. cxd4 Na5 15. Bc2 b4 16. Nb1 c5 17. Bg5 h6 18. Bh4
g5 19. Nxg5 hxg5 20. Bxg5 b3 21. Bd3 c4 22. e5 dxe5 23. Rxe5 Qxd4 24. Re3 Ng4
$2 (24... Rfd8 $1 $19) 25. Rxa5 cxd3 (25... Bxa5 $2 26. Bh7+) 26. Bf6 $3 Qxf6 (
26... Qf4 27. Qxg4+ Qxg4 28. hxg4 Kh7 29. Rh5+ Kg6 30. Rxd3 $16) (26... Nxf6 $2
27. Rg3+ Kh7 28. Rh5+) 27. Qxg4+ Qg6 28. Rg5 Bxe3 29. Rxg6+ fxg6 30. Qxg6+ Kh8
31. fxe3 Rbd8 32. Qh6+ $2 (32. Nd2 Rd7 33. e4 $18) 32... Kg8 33. Qg6+ Kh8
1/2-1/2

[Event "Madrid playoff 5'-6'"]
[Site "Madrid"]
[Date "1997.??.??"]
[Round "3"]
[White "Shirov, Alexei"]
[Black "Topalov, Veselin"]
[Result "1/2-1/2"]
[WhiteElo "2690"]
[BlackElo "2725"]
[Annotator "Shirov,A"]
[PlyCount "136"]
[EventDate "1997.06.??"]
[EventType "match (blitz)"]
[EventRounds "2"]
[EventCountry "ESP"]
[SourceTitle "CBM 058 Extra"]
[Source "ChessBase"]
[SourceDate "1997.07.29"]
[SourceVersion "1"]
[SourceVersionDate "1997.07.29"]
[SourceQuality "1"]

1. e4 e5 2. Nf3 Nc6 3. Bb5 a6 4. Ba4 Nf6 5. O-O Be7 6. Re1 b5 7. Bb3 O-O 8. h3
Bb7 9. d3 d6 10. a3 Nb8 11. Nbd2 Nbd7 12. Nf1 h6 13. Ng3 Re8 14. Nf5 Bf8 15.
Nh2 d5 16. Ng4 c6 17. Qf3 Kh8 18. c3 Re6 19. Bc2 Qc7 20. b4 c5 21. Bb2 Rae8 22.
Rad1 c4 23. dxc4 dxe4 24. Qe2 bxc4 25. Ba4 Rc8 26. Rd2 Nb6 27. Bc2 Nbd5 28. g3
Qc6 29. Nfe3 Nxe3 30. Qxe3 Nd5 31. Qxe4 g6 32. Nxe5 Rxe5 33. Qxe5+ Bg7 34. Qe4
f5 35. Qf3 Rd8 36. Red1 Kh7 37. h4 h5 38. a4 Qe6 39. a5 Bc6 40. Qe2 Qxe2 41.
Rxe2 Nxc3 42. Bxc3 Rxd1+ 43. Bxd1 Bxc3 44. Rc2 Be1 45. Rxc4 Bb5 46. Rd4 Bc3 47.
Rf4 Bd2 48. Bf3 Kg7 49. Bd5 $4 (49. Bg2 Kf6 50. Bf1 Bxf1 51. Kxf1 Bxf4 52. gxf4
Ke6 53. Ke2 Kd5 54. Kd3) (49. Kg2 Kf6 50. Rd4 Bc3 51. Rd6+ Kg7 52. Bc6 $1 $18)
49... Kf6 50. Kg2 Ke5 51. Bf7 Bxf4 52. gxf4+ Kxf4 53. Bxg6 Kg4 54. f3+ Kxh4 55.
Bxf5 Kg5 56. Bc8 Kf4 57. Bb7 Ke5 58. Kg3 Kd4 59. f4 Kc4 60. Kh4 Kxb4 61. Kxh5
Bd3 62. Kg5 Kxa5 63. Kf6 Kb4 64. Ke5 a5 65. Be4 Bxe4 66. Kxe4 Kc5 67. Ke5 a4
68. f5 a3 {Here in fact I stopped the clock, so the correct result should be
0-1.} 1/2-1/2

[Event "Chess Classics"]
[Site "Frankfurt"]
[Date "1997.??.??"]
[Round "5"]
[White "Topalov, Veselin"]
[Black "Lobron, Eric"]
[Result "1/2-1/2"]
[WhiteElo "2725"]
[BlackElo "2570"]
[PlyCount "109"]
[EventDate "1997.06.26"]
[EventType "tourn (rapid)"]
[EventRounds "6"]
[EventCountry "GER"]
[EventCategory "19"]
[SourceTitle "CBM 058 Extra"]
[Source "ChessBase"]
[SourceDate "1997.07.29"]
[SourceVersion "1"]
[SourceVersionDate "1997.07.29"]
[SourceQuality "1"]

1. Nf3 e6 2. c4 f5 3. g3 Nf6 4. Bg2 Be7 5. O-O O-O 6. d4 d6 7. Nc3 a5 8. Re1
Ne4 9. Qc2 Nc6 10. a3 Nxc3 11. bxc3 e5 12. Rb1 Bf6 13. e3 Qe8 14. a4 Qf7 15.
Nd2 Qh5 16. Rb5 Re8 17. Rf1 Nd8 18. Ba3 c6 19. Rbb1 Nf7 20. f4 exd4 21. exd4
Qe2 22. Bf3 Qe7 23. Kg2 Qc7 24. Qd3 Be6 25. Rfe1 Rad8 26. Re2 Bc8 27. Rbe1
Rxe2+ 28. Qxe2 g5 29. Qd3 Kh8 30. Kh1 gxf4 31. gxf4 c5 32. Nf1 Bh4 33. Re2 b6
34. Ne3 Nh6 35. h3 Rg8 36. Nd5 Qd8 37. Rg2 Bg3 38. Kg1 Qh4 39. Nxb6 Re8 40. Be2
Bxf4 41. Nd5 Bb7 42. dxc5 Bxd5 43. cxd5 Qe1+ 44. Bf1 Be3+ 45. Kh1 f4 46. c4 Rb8
47. Bb2+ Rxb2 48. Rxb2 Nf5 49. Rb8+ Kg7 50. Rb7+ Kh6 51. Rxh7+ Kxh7 52. Qxf5+
Kh6 53. Qf6+ Kh7 54. Qf7+ Kh6 55. Qf6+ 1/2-1/2

[Event "Chess Classics 3rd place"]
[Site "Frankfurt"]
[Date "1997.??.??"]
[Round "1"]
[White "Topalov, Veselin"]
[Black "Lobron, Eric"]
[Result "0-1"]
[WhiteElo "2725"]
[BlackElo "2570"]
[PlyCount "72"]
[EventDate "1997.06.27"]
[EventType "match (rapid)"]
[EventRounds "4"]
[EventCountry "GER"]
[SourceTitle "CBM 058 Extra"]
[Source "ChessBase"]
[SourceDate "1997.07.29"]
[SourceVersion "1"]
[SourceVersionDate "1997.07.29"]
[SourceQuality "1"]

1. d4 Nf6 2. c4 e6 3. Nf3 b6 4. g3 Ba6 5. b3 b5 6. cxb5 Bxb5 7. Bg2 Bb4+ 8. Bd2
a5 9. O-O O-O 10. Bg5 d5 11. a3 Be7 12. Nc3 Ba6 13. Qc2 Nbd7 14. Rfd1 Rc8 15.
b4 c6 16. e3 h6 17. Bxf6 Bxf6 18. Nd2 e5 19. Nb3 exd4 20. exd4 axb4 21. axb4
Bc4 22. Na5 Nb6 23. Bh3 Rc7 24. Nxc4 Nxc4 25. Bf1 Nd6 26. Ra6 Qd7 27. Rb6 Rb7
28. Rxb7 Qxb7 29. Na4 Qxb4 30. Qxc6 Rc8 31. Qa6 Bxd4 32. Bd3 g6 33. Kg2 Kg7 34.
Rf1 Rc7 35. Rb1 Qa3 36. Qa5 Qxd3 0-1

[Event "Lost Boys 5th"]
[Site "Antwerp"]
[Date "1997.??.??"]
[Round "2"]
[White "Novikov, Igor A"]
[Black "Topalov, Veselin"]
[Result "1/2-1/2"]
[WhiteElo "2590"]
[BlackElo "2745"]
[Annotator "Hazai,L"]
[PlyCount "46"]
[EventDate "1997.08.01"]
[EventType "tourn"]
[EventRounds "7"]
[EventCountry "BEL"]
[EventCategory "15"]
[SourceTitle "CBM 061"]
[Source "ChessBase"]
[SourceDate "1997.11.23"]
[SourceVersion "1"]
[SourceVersionDate "1997.11.23"]
[SourceQuality "1"]

1. d4 Nf6 2. c4 g6 3. Nc3 Bg7 4. e4 d6 5. f3 O-O 6. Bg5 a6 {Black wants to
create a Benko Gambit type of position after c7-c5} (6... c5 7. d5 h6 8. Be3 e6
9. Qd2 exd5 10. cxd5 {is the real main line here.}) 7. Qd2 c5 8. Nge2 (8. d5 {
deserves attention:} b5 9. cxb5) 8... Nc6 (8... Qa5 {is a playable alternative
as well:} 9. Rd1 (9. d5 b5 10. Nc1 Nbd7 11. cxb5 axb5 12. Nxb5 Nb6 13. Qxa5
Rxa5 14. Bd2 Ra8 15. Ne2 Nc4 $13 16. Nec3 Nxb2 17. a4 c4 18. Ra2 Nd3+ 19. Bxd3
cxd3 20. Bg5 Ba6 21. Nc7 Nd7 22. Ra3 Rfc8 23. N3b5 Bxb5 24. Nxb5 Rc5 25. Rb3
Rxa4 26. O-O Ra2 27. Kh1 d2 28. Na3 Bd4 29. Rd3 Rc1 {0-1 Dreev,A-Topalov,V/
Ciudad de Linares14th 1997/CBM 57/[Psakhis]}) (9. Nd5 {Liquidating for the
endgame doesn't give any chances for an advantage.} Qxd2+ 10. Kxd2 Nxd5 11.
cxd5 Re8 12. Be3 Nd7 13. Rc1 b6 14. g3 a5 15. h4 Ba6 16. Bh3 Red8 17. Rhd1 Bxe2
18. Kxe2 cxd4 $11 {1/2-1/2 Pecorelli Garcia,H-Pupo,E/Capablanca Premier-B 1997/
EXP 58}) 9... Nc6 (9... cxd4 $1 10. Nxd4 Nc6 $11 {with a comfortable Maroczy
bind position for Black.}) 10. d5 Na7 (10... Ne5 11. Ng3 b5) 11. Nc1 (11. b3 $1
b5 12. Rc1 $1 Bd7 13. Ng3 $14) 11... b5 12. cxb5 axb5 13. Nxb5 Nxb5 14. Qxa5
Rxa5 15. Bd2 Ra8 16. Bxb5 Rb8 17. a4 Bd7 18. Bxd7 Nxd7 19. b3 f5 $13 {
Gervais-David, Cappelle la Grande 1997}) (8... cxd4 9. Nxd4 Nc6) 9. d5 Ne5 10.
Ng3 b5 11. cxb5 Qb6 12. a4 axb5 13. Bxb5 Ba6 14. O-O Qa5 {Black's play is not
very impressive losing a tempo with his Q so early.} 15. Bxa6 $6 {White has to
keep his B on b5, taking back with the P.} (15. Ra2 $1 c4 (15... Qb4 16. Rfa1
Nc4 17. Qe2 Bxb5 18. axb5 Rxa2 19. Rxa2 {/\ Ra4}) (15... Nc4 16. Qe2) (15...
Bxb5 16. axb5) 16. Nh1 Nd3 17. Nf2 Nb4 18. Ra3 $16) 15... Rxa6 16. Nb5 Qxd2 17.
Bxd2 Nc4 18. Bc3 Nd7 $1 19. Bxg7 (19. Ra2 Bxc3 20. bxc3 Rfa8 21. Rfa1 Ra5 {
/\ Ndb6}) 19... Kxg7 20. Rfb1 (20. Rf2 Na5 $1 {>< b3}) 20... Nd2 $1 {><b3} 21.
Rd1 Nb3 22. Ra3 c4 23. Nf1 Ndc5 1/2-1/2

[Event "Hoogovens"]
[Site "Wijk aan Zee"]
[Date "1998.01.16"]
[Round "1"]
[White "Shirov, Alexei"]
[Black "Topalov, Veselin"]
[Result "1/2-1/2"]
[WhiteElo "2710"]
[BlackElo "2740"]
[Annotator "Stohl,I"]
[PlyCount "75"]
[EventDate "1998.01.16"]
[EventType "tourn"]
[EventRounds "13"]
[EventCountry "NED"]
[EventCategory "17"]
[SourceTitle "CBM 063"]
[Source "ChessBase"]
[SourceDate "1998.03.26"]
[SourceVersion "1"]
[SourceVersionDate "1998.03.26"]
[SourceQuality "1"]

1. d4 Nf6 2. c4 e6 3. Nf3 c5 4. d5 d6 5. Nc3 exd5 6. cxd5 g6 7. e4 a6 8. h3 Bg7
{Topalov surprisingly goes for a position, considered dificult for Black.} ({
Usual is} 8... b5) 9. a4 O-O 10. Bd3 Re8 11. O-O c4 (11... Nbd7 12. Bf4 c4 13.
Bc2 Nc5 14. Re1 Rb8 15. e5 Nh5 16. Be3 Nd3 17. Bxd3 cxd3 18. exd6 Qxd6 19. Qxd3
Bd7 20. Qd2 Qb4 21. Bd4 Nf6 22. Ne5 Red8 23. Qe3 $14 {Avrukh,B-Anastasian,A/St.
Petersburg op 1994/0-1 (46)}) 12. Bc2 (12. Bxc4 $5 Nxe4 13. Nxe4 Rxe4 14. Bg5
Bf6 15. Bd3 Re8 16. Bxf6 (16. Qd2 Bxg5 17. Nxg5 Re5 18. f4 Rxd5 19. Qe3 Nc6 20.
Rae1 Bd7 21. Bc4 Rf5 22. g4 Rxg5 23. fxg5 Ne5 24. Qf4 Be6 25. Bxe6 fxe6 26. Re2
Qc7 $44 {Cramling,P-Antonio jr,R/Biel Mixed 1991/1/2 (40)}) 16... Qxf6 17. Rc1
{@} Nd7 18. Re1 $1 Ne5 19. Nxe5 dxe5 20. Rc7 Qd6 21. Qc2 Bd7 22. Rxb7 Qxd5 23.
Be4 Qa5 24. Ra1 Be6 25. b4 Qd8 26. Rd1 $36 {Sokolin,L-Sarkar,J/New York op
1997/1-0 (37)}) 12... Nbd7 13. Be3 (13. Bf4 $5 {-11...Nbd7 12.Bf4} Qc7 14. Re1
Nh5 15. Be3 Rb8 16. Qd2 b6 17. Nd4 Rb7 18. Red1 Nhf6 19. Qe2 Nb8 20. Rac1 Bd7
21. b3 Rc8 22. b4 b5 23. axb5 Bxb5 24. Ra1 Bd7 25. Rdb1 Ne8 26. Qd2 Qd8 27. Bg5
Qb6 28. Be3 Qd8 29. Bg5 Qb6 30. Nde2 Qc7 31. Be3 Qd8 32. Bg5 Qc7 33. Be3 Qd8
34. Bd4 $1 $16 {[%csl Gd4,Gd5,Ge4] [+](),->>>,Gelfand,B-Wahls,M/Arnhem EU-chJ
1988/1-0 (54)}) 13... Qc7 (13... Nc5 14. Bxc5 dxc5 15. Nd2 Rb8 16. a5 Bd7 17.
f4 b5 18. axb6 Bb5 19. Qf3 Qxb6 20. e5 Nd7 21. Kh1 Nf8 22. Nde4 f6 23. e6 f5
24. Nd2 Qd8 25. Rad1 Bd4 26. g4 $40 {Shipov,S-Depchinsky,S/URS-chClub Pavlodar
1991}) (13... Rb8 14. Ba7 Ra8 15. Bd4 Rb8 16. a5 b5 17. axb6 Nxb6 18. Re1 Bb7
19. Qd2 Rc8 20. Rad1 Nfd7 21. Bxg7 Kxg7 22. Nh2 Nc5 23. Ng4 Nbd7 24. Qd4+ f6
25. f4 h5 26. Ne3 Nb3 27. Bxb3 cxb3 28. Nc4 $16 {[%csl Gc4,Gd4,Gd5,Rd6,Ge4,Gf4,
Rf6,Rg6,Rg7] ׻,d6,[+],Gligoric,S-Cebalo,M/JUG-Cup Svetozarevo 1990/1-0 (41)})
14. Qe2 $5 $146 {[%csl Rc4][%cal Rf3d2,Yf1c1] /\Nd2,Rfc1 White shows the weak
Pc4 some attention.} ({The older move gives Black more counterplay:} 14. Re1 b6
$5 (14... Nc5 15. Bd4 Bd7 16. e5 dxe5 17. Bxe5 Qd8 18. Qd4 Rc8 19. d6 Bc6 20.
Qxc5 Bxf3 21. Qd4 Bc6 22. a5 Rxe5 23. Qxe5 Ne4 24. Qf4 Nxc3 25. bxc3 Bxc3 26.
Re7 Qf8 27. Rd1 Bxa5 28. Be4 Bb4 29. Bxc6 bxc6 30. Rb7 a5 31. Qxc4 Rd8 32. d7
c5 33. Qb5 Kg7 34. Rc7 h6 35. Qc6 {1-0 Browne,W-Brownscombe,T/Philadelphia
World op 1991}) 15. Bd4 Rb8 (15... Bb7 16. b3 cxb3 17. Bxb3 Nc5 18. e5 dxe5 19.
Nxe5 Nxb3 20. Qxb3 Qd6 21. Nc4 Bxd5 22. Qxb6 Qc6 23. Bxf6 Rxe1+ 24. Rxe1 Qxc4
25. Rd1 Bc6 26. Rd8+ Bf8 27. Bd4 Rxd8 28. Qxd8 Qe6 29. a5 {1/2,Arlandi,E-Manca,
F/Reggio Emilia9394 1993}) 16. Rc1 Bb7 17. b3 cxb3 18. Bxb3 Rbc8 19. Qd2 $13 {
1/2, Osieka,U-Friedrich,N/BL2-SW 1989}) 14... Rb8 $8 (14... b6 $2 15. Nd2 $16)
15. Ba7 {Just a small trick to gain time.} Ra8 16. Be3 (16. Bd4 Rb8 $132 {
[%cal Ge8e4] <->e}) 16... Rb8 17. a5 $1 b5 18. axb6 Nxb6 19. Rfc1 (19. Nd2 $142
$5 $146 {[%csl Ra6,Rc4] ><a6,c4 This clever move ties the Nb6 to the defense
of c4, thus preventing possible black counterplay on the <->b as in our game.}
Nfd7 20. Ra2 Bb7 21. Ba4 $1 Nxa4 22. Rxa4 Nb6 23. Rb4 Bc8 24. Nxc4 Nxc4 25.
Rxc4 Qb7 26. Qd3 Bd7 27. Bd4 Bxd4 28. Qxd4 Qxb2 29. Rb1 Qa3 30. Rxb8 Rxb8 31.
Rc7 Be8 32. e5 Rb4 33. Qe3 Rb8 34. Qf4 Rd8 35. e6 fxe6 36. dxe6 Qa1+ 37. Kh2
Qa5 38. e7 {1-0,Vescovi,G-Peptan,C/Mermaid Beach schev 1998}) 19... Nbd7 $1 20.
Nd2 Rb4 $5 $132 (20... Rxb2 21. Nxc4 Rb8 22. Ba4 $5 Nxe4 23. Nxe4 Rxe4 24. Nd2
Rxa4 25. Rxc7 Rxa1+ 26. Kh2 $36) 21. Ra4 (21. Ra2 $5 $14) 21... a5 22. Nxc4 (
22. Rxb4 axb4 23. Nb5 Qb8 24. Ba4 (24. Qxc4 $2 Ba6 25. Ba4 Rc8 $19) 24... Ba6
25. Nd4 (25. Ba7 Qa8 26. Nxd6 Qxa7 27. Nxe8 Nxe8 28. Bxd7 c3 $1 29. Bb5 cxd2
30. Rd1 $13) 25... c3 (25... Qc8 $5 $13) 26. Qxa6 Nc5 27. Qa5 cxd2 $132) 22...
Ba6 23. Bd3 (23. b3 Rxa4 24. Nxa4 Nxe4 25. Bd3 Ndf6 $11 (25... Nec5 26. Nxc5
Nxc5 27. Nxd6 $1 Qxd6 28. Bxc5 $16)) 23... Bxc4 24. Bxc4 Nxe4 25. Rxb4 (25. Nb5
$6 Qb8 $36) (25. Bb5 Nxc3 26. bxc3 Rxa4 27. Bxa4 Rb8 $15) 25... axb4 26. Nxe4
Rxe4 27. Qd3 (27. Bd3 $6 Qxc1+ 28. Bxc1 Rxe2 29. Bxe2 Nb6 30. Bf3 Nc4 $11 (
30... b3 31. Bd1 $11)) 27... Rxe3 $1 {This sacrifice finally solves Black's
defensive problems.} (27... Re8 $143 28. Bb5 Qd8 29. Qc2 $36 {[%csl Rd6][%cal
Gc2c8] <->c,><d6}) (27... Bxb2 $5 28. Qxe4 (28. Rc2 Nc5 $1 29. Bxc5 Re1+ 30.
Kh2 dxc5+ 31. g3 Bd4 $17) 28... Bxc1 29. Qe8+ (29. Bxc1 Ne5 30. Bd2 Qxc4 $11)
29... Kg7 30. Bxc1 Qxc4 31. Bb2+ Nf6 $5 (31... Ne5 32. Bxe5+ dxe5 33. Qxe5+ Kh6
34. d6 b3 35. d7 Qc1+ 36. Kh2 Qd2 37. Qc7 $14) 32. Qe7 Qf4 33. g3 Qf5 34. Bd4
b3 35. Qxd6 b2 $1 36. Bxf6+ Qxf6 37. Qb4 Qe5 38. d6 $11) 28. Qxe3 (28. fxe3 $6
Bxb2 29. Rc2 Bc3 $15) 28... Bxb2 $44 29. Rc2 Bc3 {[%csl Gb4] o^b} 30. Bb5 Nf6
31. Ra2 (31. Bc6 Qa5 $44 {[%cal Rb4b3] /\b3!}) 31... Qc8 $5 (31... Nxd5 $143
32. Ra8+ Kg7 33. Qe8 $40) 32. Bc6 Qf5 33. Ra8+ Kg7 34. Qe7 (34. g4 Qc2 35. Qe7
Ne4 36. Qf8+ Kf6 37. Qd8+ (37. Qh8+ Kg5 38. Qd8+ Bf6 39. Qb6 Qd1+ 40. Kg2 Bd4
$40) 37... Kg7 $11 (37... Ke5 $6 38. Qe7+ Kf4 39. Qxf7+ Bf6 40. Qa7 $16)) 34...
Ne4 $1 $11 35. Qf8+ (35. f3 Bd4+ 36. Kh1 (36. Kf1 $4 Ng3+ 37. Ke1 Qb1+ 38. Kd2
Nf1+ 39. Ke2 Qc2+ $1 40. Ke1 Qf2+ 41. Kd1 Qd2#) 36... Ng3+ 37. Kh2 Nf1+ $11)
35... Kf6 36. Qd8+ Kg7 (36... Ke5 $2 37. Qe7+ Kd4 38. f3 $40) 37. Qf8+ Kf6 38.
Qd8+ 1/2-1/2